[Event "Titled Tue 20th May Early"]
[Site "chess.com INT"]
[Date "2025.05.20"]
[Round "7"]
[White "Lisenkov, Svyatoslav"]
[Black "Dorrance, Adam"]
[Result "1/2-1/2"]
[WhiteTitle "CM"]
[BlackTitle "FM"]
[WhiteElo "2241"]
[BlackElo "2301"]
[WhiteFideId "34264183"]
[BlackFideId "2618567"]
[EventDate "2025.05.20"]

1. e4 e6 2. d4 d5 3. exd5 exd5 4. Nf3 Nc6 5. Bd3 Bd6 6. O-O Nge7 7. c3 Bg4 8. h3
Bh5 9. b4 f6 10. a4 O-O 11. a5 a6 12. Re1 Qd7 13. Nbd2 Rae8 14. Nb3 Ng6 15. Be3
Nf4 16. Bxf4 Bxf4 17. Nc5 Qc8 18. Be2 Bd6 19. Nd2 Bxe2 20. Rxe2 Rxe2 21. Qxe2
Bxc5 22. dxc5 Re8 23. Qd3 Qe6 24. Nf3 Ne5 25. Nxe5 Qxe5 26. Rd1 c6 27. c4 Rd8
28. cxd5 Qxd5 29. Qxd5+ cxd5 30. Kf1 Kf7 31. Ke2 Re8+ 32. Kd3 Re4 33. Kc3 Ke6
34. Rd2 h5 35. Rb2 h4 36. Kd3 Rc4 37. b5 Rxc5 38. bxa6 bxa6 39. Rb6+ Ke5 40.
Rxa6 Rb5 41. Ra7 g5 42. a6 Rb3+ 43. Kc2 Ra3 44. Ra8 Kd4 45. Kb2 Ra5 46. Kb3 Ra1
47. a7 Kd3 48. Kb4 d4 49. Kb5 Ke2 50. Re8+ Kxf2 51. a8=Q Rxa8 52. Rxa8 d3 53.
Rf8 d2 54. Rxf6+ Kxg2 55. Rd6 Kxh3 56. Rxd2 Kg3 57. Rd3+ Kg2 58. Rd2+ Kf3 59.
Rd3+ Ke2 60. Rh3 Kf2 61. Kc4 Kg2 62. Ra3 h3 63. Kd4 h2 64. Ra2+ Kg3 65. Ra1 Kg2
66. Ra2+ Kg3 67. Ra1 Kg2 68. Ke3 g4 69. Kf4 h1=Q 70. Rxh1 Kxh1 71. Kxg4 1/2-1/2

[Event "Titled Tue 20th May Early"]
[Site "chess.com INT"]
[Date "2025.05.20"]
[Round "7"]
[White "Arslanov, Shamil"]
[Black "Wanyama, Harold"]
[Result "1/2-1/2"]
[WhiteTitle "IM"]
[BlackTitle "FM"]
[WhiteElo "2410"]
[BlackElo "2132"]
[WhiteFideId "4192826"]
[BlackFideId "10000380"]
[EventDate "2025.05.20"]

1. d4 d5 2. e4 dxe4 3. Nc3 Nf6 4. f3 exf3 5. Nxf3 c6 6. Bc4 Bf5 7. O-O e6 8. Ng5
Bg6 9. Bxe6 fxe6 10. Nxe6 Qd7 11. Bg5 Kf7 12. d5 cxd5 13. Nxd5 Be7 14. Nxg7 Kxg7
15. Nxe7 Rf8 16. Qe1 Nc6 17. Nxc6 Qxc6 18. Qe7+ Rf7 19. Bxf6+ Qxf6 20. Rxf6 Rxe7
21. Rf2 Rf8 22. Rd2 Rfe8 23. Kf2 Rf7+ 24. Kg1 Ree7 25. h3 Be4 26. a4 a5 27. Ra3
Bc6 28. Rg3+ Kf8 29. b3 Re1+ 30. Kh2 Ke7 31. Rg5 b6 32. Rh5 Bd7 33. Rh6 Re6 34.
Rh4 Ref6 35. Re4+ Kd8 36. Red4 Kc7 37. Kg1 Bc6 38. c3 Rd7 39. Rxd7+ Bxd7 40. Rd4
Bc6 41. Rc4 Re6 42. Kf2 Rd6 43. Rh4 h6 44. Ke3 Bxg2 45. b4 Bc6 46. bxa5 bxa5 47.
Rh5 Kb6 48. c4 Re6+ 49. Kd4 Bxa4 50. h4 Ka6 51. Rf5 Rc6 52. Rf8 Bb3 53. c5 Kb5
54. Rb8+ Ka4 55. Rb6 Rc7 56. Rxh6 Ka3 57. Rb6 a4 58. c6 Be6 59. Kc5 Bc8 60. Kd6
Rh7 61. Rb8 Bh3 62. c7 Rxh4 63. c8=Q Bxc8 64. Rxc8 Rb4 65. Kd5 Rb3 66. Kd4 Ka2
67. Rc2+ Rb2 68. Kc3 Rxc2+ 69. Kxc2 a3 70. Kc1 Ka1 71. Kc2 a2 72. Kc1 1/2-1/2

[Event "Titled Tue 20th May Early"]
[Site "chess.com INT"]
[Date "2025.05.20"]
[Round "7"]
[White "Guerra Tulcan, Lenin"]
[Black "Papasimakopoulos, Alexandros"]
[Result "0-1"]
[WhiteTitle "IM"]
[BlackTitle "IM"]
[WhiteElo "2310"]
[BlackElo "2366"]
[WhiteFideId "3601382"]
[BlackFideId "4244125"]
[EventDate "2025.05.20"]

1. e4 e6 2. d4 d5 3. Nd2 Nf6 4. e5 Nfd7 5. Bd3 c5 6. c3 b5 7. Ne2 b4 8. O-O bxc3
9. bxc3 Ba6 10. Bxa6 Nxa6 11. Qa4 Qc8 12. Nb3 Be7 13. Na5 Nb8 14. Ba3 O-O 15.
Rab1 Nb6 16. Qb5 N8d7 17. Nc6 Re8 18. Nxe7+ Rxe7 19. dxc5 Nc4 20. Bb4 Ndxe5 21.
f4 Nc6 22. Nd4 Rc7 23. Qa4 Nxb4 24. cxb4 Nd2 25. Nb5 Qd7 26. Qa5 Rcc8 27. Nd6
Rc6 28. f5 Nxb1 29. Rxb1 exf5 30. Rd1 Qe6 31. Qa3 Rxd6 32. cxd6 Qxd6 33. Qd3 Rd8
34. a3 d4 35. Qxf5 d3 36. Rd2 Qd4+ 37. Qf2 Qa1+ 38. Qf1 Qxa3 39. g3 h6 40. Kg2
Qxb4 41. Rxd3 Qe4+ 42. Rf3 Rd5 43. Kg1 Qd4+ 44. Kg2 Qe4 45. Kg1 Qc2 46. Qf2
Qxf2+ 47. Kxf2 Rd2+ 48. Kg1 Ra2 49. Rb3 a5 50. Rb7 f5 51. Ra7 g6 52. Kh1 a4 53.
Kg1 a3 54. h3 Ra1+ 55. Kg2 a2 56. Kh2 g5 57. Kg2 f4 58. gxf4 gxf4 59. Ra3 f3+
60. Kf2 Rh1 61. Ra8+ Kf7 62. Ra7+ Ke8 63. Ra8+ Kd7 64. Kxf3 a1=Q 65. Rxa1 Rxa1
66. Kg4 Ra5 67. h4 Ke6 0-1

[Event "Titled Tue 20th May Early"]
[Site "chess.com INT"]
[Date "2025.05.20"]
[Round "7"]
[White "Iljin, Timofey"]
[Black "Sklokin, Sergey"]
[Result "0-1"]
[WhiteTitle "IM"]
[BlackTitle "FM"]
[WhiteElo "2242"]
[BlackElo "2311"]
[WhiteFideId "14110180"]
[BlackFideId "55730230"]
[EventDate "2025.05.20"]

1. e4 c5 2. Nc3 e6 3. g3 d5 4. exd5 exd5 5. Bg2 d4 6. Qe2+ Be7 7. Nd5 Nc6 8. d3
Be6 9. Nf4 Bd7 10. Nd5 Nf6 11. Nxf6+ gxf6 12. Nh3 Qc7 13. Nf4 Qd6 14. Nd5 Ne5
15. O-O Bc6 16. Nxe7 Qxe7 17. Bf4 Bxg2 18. Kxg2 O-O-O 19. Rfe1 Rhe8 20. Qh5 Qe6
21. Re4 b6 22. Rae1 Qc6 23. Kg1 Nf3+ 24. Qxf3 f5 25. Bg5 fxe4 26. Qg4+ Rd7 27.
dxe4 Qe6 28. Qf4 Qe5 29. Qd2 d3 30. cxd3 Qd4 31. Be3 Qxd3 32. Qc1 Rxe4 33. Kg2
Rc4 34. Qa1 Rc2 35. b3 Qe4+ 36. Kg1 Qf3 37. Qh8+ Kb7 38. Qe8 Qd5 39. Bf4 Rxa2
40. Qb8+ Ka6 41. Qc8+ Kb5 42. Qe8 Kb4 43. h4 Rc2 44. Qf8 Kxb3 45. Qe8 Kc4 46.
Qe3 a5 47. Qa3 Kb5 48. Rb1+ Kc6 49. Qa4+ Kb7 50. Qxc2 Qc6 51. Qb2 Ka6 52. Be3 b5
53. Qh8 c4 54. Re1 b4 55. Bc1 Kb5 56. Kh2 c3 57. Re8 Ka4 58. Qxh7 Rd1 59. Qc2+
b3 60. Qxd1 Qxe8 61. Qd4+ Kb5 62. Qxc3 Qe6 63. Bd2 a4 64. Qb4+ Kc6 65. Qxa4+ Kc5
66. Qb4+ Kc6 67. Qa4+ Kc5 68. Qa5+ Kd4 69. Qc3+ Ke4 0-1

[Event "Titled Tue 20th May Early"]
[Site "chess.com INT"]
[Date "2025.05.20"]
[Round "7"]
[White "Kaminska, Zuzanna"]
[Black "Mohota, Nisha"]
[Result "1/2-1/2"]
[WhiteTitle "WCM"]
[BlackTitle "IM"]
[WhiteElo "1900"]
[BlackElo "2161"]
[WhiteFideId "21067210"]
[BlackFideId "5004330"]
[EventDate "2025.05.20"]

1. b3 e5 2. Bb2 d6 3. e4 Nc6 4. Nf3 Nf6 5. Nc3 g6 6. Bc4 Bg7 7. O-O O-O 8. h3
Be6 9. Bb5 Nd4 10. Nxd4 exd4 11. Ne2 Nxe4 12. Bxd4 Bxh3 13. Bxg7 Kxg7 14. Bd3
Bf5 15. Nd4 Qg5 16. f4 Qf6 17. Nxf5+ gxf5 18. Bxe4 fxe4 19. f5 Rae8 20. Rf4 Kh8
21. c3 e3 22. d4 e2 23. Qd2 Rg8 24. Rf2 Qg5 25. Rxe2 Rxe2 26. Qxe2 Qxf5 27. Rf1
Qg6 28. Rf2 h6 29. Qe3 Rg7 30. Qe8+ Kh7 31. Qe7 f5 32. Qd8 f4 33. Qc8 Qb1+ 34.
Kh2 Qd3 35. Qxb7 Qg3+ 36. Kg1 Re7 37. Qf3 Re1+ 38. Rf1 Qxf3 39. gxf3 Re2 40. Rf2
Re1+ 41. Rf1 Re3 42. Rf2 Rxc3 43. Re2 Kg6 44. Re7 c5 45. dxc5 dxc5 46. Rxa7 Rxf3
47. Rc7 Rc3 48. a4 Rxb3 49. Rxc5 Ra3 50. a5 h5 51. Kg2 h4 52. Rc6+ Kf5 53. a6
Kg4 54. Rg6+ Kf5 55. Rh6 Ra2+ 56. Kh3 Ra3+ 57. Kg2 f3+ 58. Kf2 Kf4 59. Rxh4+ Ke5
60. Rh6 Kf4 61. Rh4+ Ke5 62. Rh6 Ke4 63. Rh4+ Kf5 64. Rh6 Kg4 65. Rg6+ Kf4 66.
Rf6+ Ke4 67. Re6+ Kf4 68. Rf6+ Kg4 69. Rg6+ Kf4 70. Rf6+ 1/2-1/2

[Event "Titled Tue 20th May Early"]
[Site "chess.com INT"]
[Date "2025.05.20"]
[Round "7"]
[White "Terkiewicz, Bruno"]
[Black "Barseghyan, Armen Ar."]
[Result "0-1"]
[WhiteTitle "CM"]
[BlackTitle "IM"]
[WhiteElo "2183"]
[BlackElo "2348"]
[WhiteFideId "21093245"]
[BlackFideId "13306707"]
[EventDate "2025.05.20"]

1. Nf3 c5 2. b3 Nf6 3. Bb2 g6 4. e4 Bg7 5. e5 Nd5 6. c4 Nc7 7. d4 cxd4 8. Qxd4
O-O 9. Be2 Nc6 10. Qh4 h6 11. Na3 Ne6 12. O-O-O Qa5 13. Kb1 d6 14. exd6 exd6 15.
Rxd6 Ng5 16. Bxg7 Kxg7 17. Nb5 Bf5+ 18. Kb2 Rae8 19. Bd1 Nxf3 20. gxf3 a6 21.
Nc3 Qe5 22. Rd5 Qe6 23. Bc2 Bxc2 24. Kxc2 Nb4+ 25. Kb2 Nxd5 26. Nxd5 Qe5+ 27.
Kb1 b5 28. Rd1 bxc4 29. bxc4 Rb8+ 30. Kc2 Rb2+ 31. Kd3 Re8 32. Qd4 Qxd4+ 33.
Kxd4 Rxf2 34. c5 Rxf3 35. c6 Rf5 36. c7 Rc8 37. Rc1 Rf2 38. Nb6 Rxc7 39. Rxc7
Rxa2 40. Nc4 Rxh2 41. Ne5 Rf2 42. Ke3 Rf5 43. Ke4 h5 44. Ra7 Rf6 45. Nd7 Re6+
46. Ne5 Rf6 47. Nd7 Rf1 48. Rxa6 h4 49. Ra3 g5 50. Ne5 f5+ 51. Kd5 Kh6 52. Ra8
g4 53. Ke6 Kg5 54. Rg8+ Kf4 55. Kf6 h3 56. Rh8 Kg3 57. Kg5 f4 58. Nxg4 Ra1 59.
Ne5 Ra5 60. Kf5 f3 61. Ke4 f2 62. Rg8+ Kh2 63. Rf8 Kg2 64. Ng4 Ra4+ 65. Ke3 Rxg4
66. Rxf2+ Kg1 67. Rb2 h2 68. Rb1+ Kg2 69. Rb2+ Kh3 70. Rb8 h1=Q 71. Rh8+ Rh4 72.
Rxh4+ Kxh4 0-1

[Event "Titled Tue 20th May Early"]
[Site "chess.com INT"]
[Date "2025.05.20"]
[Round "7"]
[White "Papaioannou, Dimitrios"]
[Black "Grutter, Tim"]
[Result "1-0"]
[WhiteTitle "CM"]
[BlackTitle "IM"]
[WhiteElo "2200"]
[BlackElo "2408"]
[WhiteFideId "25865137"]
[BlackFideId "1057472"]
[EventDate "2025.05.20"]

1. Nf3 Nf6 2. c4 e6 3. g3 d5 4. d4 Bb4+ 5. Nbd2 O-O 6. Bg2 dxc4 7. Qc2 b5 8. a4
bxa4 9. O-O Bb7 10. Nxc4 a5 11. Rd1 Nbd7 12. Nce5 Nb6 13. Bg5 h6 14. Bxf6 Qxf6
15. Qxc7 Bxf3 16. Bxf3 Qd8 17. Qb7 Rb8 18. Qa7 Nd5 19. e4 Ra8 20. Qb7 Rb8 21.
Qa6 Ra8 22. Qe2 Nf6 23. Rxa4 Qb6 24. Raa1 Rfd8 25. Nc4 Qa6 26. Rac1 Rac8 27. Kf1
a4 28. e5 Nd5 29. Ne3 Nxe3+ 30. fxe3 Qb6 31. Rc4 Rxc4 32. Qxc4 Rb8 33. Rc1 Be7
34. Rc2 Qb3 35. Qxb3 Rxb3 36. Rc8+ Kh7 37. Be4+ g6 38. Rc7 Rxe3 39. Rxe7 Rxe4
40. Rxf7+ Kg8 41. Rf6 Rxd4 42. Rxe6 Kf7 43. Rf6+ Kg7 44. Ra6 Rb4 45. Kf2 Rxb2+
46. Kf3 Rb3+ 47. Ke4 a3 48. Ra7+ Kf8 49. Kd5 Rb5+ 50. Ke6 Rb6+ 51. Kd5 Rb5+ 52.
Kd6 Rb6+ 53. Kc5 Rb3 54. e6 Re3 55. Kd6 Rd3+ 56. Ke5 Ke8 57. Kf6 Rf3+ 58. Kxg6
a2 59. Rxa2 Ke7 60. Kxh6 Kxe6 61. Kg5 Kf7 62. g4 Rh3 63. Kf4 Kg6 64. Ra6+ Kg7
65. Ra2 Kg6 66. Rg2 Kf6 67. g5+ Kg6 68. Kg4 Ra3 69. h4 Ra4+ 70. Kh3 Kh5 71. Kg3
Rxh4 72. Kf3 Ra4 73. g6 Ra8 74. g7 Rg8 75. Kf4 Kh6 76. Kf5 Kh7 77. Kf6 1-0

[Event "Titled Tue 20th May Early"]
[Site "chess.com INT"]
[Date "2025.05.20"]
[Round "7"]
[White "Luong Phuong Hanh"]
[Black "Goncharov, Vladimir"]
[Result "1-0"]
[WhiteTitle "WIM"]
[WhiteElo "2144"]
[BlackElo "2077"]
[WhiteFideId "12401013"]
[BlackFideId "34162256"]
[EventDate "2025.05.20"]

1. d4 Nf6 2. Nf3 e6 3. e3 b6 4. Bd3 Bb7 5. O-O c5 6. c4 Be7 7. Nc3 cxd4 8. exd4
O-O 9. d5 exd5 10. cxd5 d6 11. b3 Nbd7 12. Bb2 Rc8 13. Rc1 Re8 14. Bf5 g6 15.
Bb1 Bf8 16. Ng5 Bg7 17. Qf3 Ne5 18. Qh3 h6 19. Nge4 Nxd5 20. Nxd5 Bxd5 21. Rxc8
Qxc8 22. Qxc8 Rxc8 23. Nxd6 Rd8 24. Ba3 Bf8 25. Rd1 Be6 26. Bc2 a6 27. Bb2 Nf3+
28. gxf3 Rxd6 29. Rxd6 Bxd6 30. Bd3 b5 31. Bc3 Bd7 32. Bd2 h5 33. f4 Kg7 34. Kf1
Kf6 35. Ke2 Bg4+ 36. f3 Bf5 37. Be4 Bc8 38. Bc3+ Ke7 39. Ke3 Bc5+ 40. Bd4 Bb4
41. Bd5 Ba3 42. Ke2 h4 43. Bf2 h3 44. Be4 Bd6 45. Be3 g5 46. fxg5 Bxh2 47. f4
Bg3 48. Kf3 Be1 49. Ke2 Bb4 50. Bg1 Bd6 51. Kf3 f6 52. g6 f5 53. Bd3 Kf6 54. Bh2
Kxg6 55. a4 bxa4 56. bxa4 a5 57. Kg3 Kf6 58. Kxh3 Bd7 59. Bc2 Bc6 60. Bb3 Be4
61. Kg3 Bc5 62. Kh4 Be3 63. Bg3 Ke7 64. Kh3 Kd6 65. Kh4 Kc5 66. Kg5 Kb4 67. Bd1
Bd2 68. Kf6 Kc3 69. Ke5 Bd3 70. Bf3 1-0

[Event "Titled Tue 20th May Early"]
[Site "chess.com INT"]
[Date "2025.05.20"]
[Round "7"]
[White "Micic, Aleksa"]
[Black "Shevchenko, Yaroslav"]
[Result "1-0"]
[WhiteTitle "FM"]
[WhiteElo "2191"]
[BlackElo "2137"]
[WhiteFideId "989940"]
[BlackFideId "34144684"]
[EventDate "2025.05.20"]

1. d4 e6 2. Nc3 d5 3. Bf4 Nf6 4. Nb5 Na6 5. e3 Be7 6. Nf3 O-O 7. h3 Bd7 8. a3 c5
9. Nc3 Nb8 10. Be2 Nc6 11. O-O Qb6 12. dxc5 Qxc5 13. Nb5 Rac8 14. b4 Qb6 15. c4
dxc4 16. Nd6 Bxd6 17. Bxd6 Rfd8 18. Bc5 Qa6 19. a4 Ne4 20. b5 Qa5 21. bxc6 Bxc6
22. Bd4 Nc3 23. Bxc3 Qxc3 24. Qc1 Qb4 25. Nd4 Bd5 26. Qa3 Qa5 27. Bf3 Bxf3 28.
Nxf3 Rd3 29. Qe7 c3 30. Rfc1 c2 31. Rxc2 Rcd8 32. Rac1 h6 33. Qc5 Qxa4 34. Ne5
R3d5 35. Qc4 Qa3 36. Nf3 a5 37. Ra2 Qe7 38. Rca1 b6 39. Kh2 R8d7 40. Qh4 Qd6+
41. Qf4 Qc5 42. Qb8+ Kh7 43. Rb2 R7d6 44. Rab1 a4 45. Rxb6 Rxb6 46. Qxb6 Qc2 47.
Qb2 Qe4 48. Nd4 e5 49. Qc2 Qxc2 50. Nxc2 Rd2 51. Ne1 Rxf2 52. Ra1 Re2 53. Nf3
Rxe3 54. Rxa4 f6 55. Kg1 Kg6 56. Kf2 Rb3 57. Rg4+ Kf7 58. Ra4 Kg6 59. Ra7 h5 60.
Nh4+ Kg5 61. g3 Rb2+ 62. Kf3 Rb3+ 63. Kf2 g6 64. Rg7 Rb2+ 65. Ke1 Rb1+ 66. Kd2
Rb2+ 67. Kc1 1-0

[Event "Titled Tue 20th May Early"]
[Site "chess.com INT"]
[Date "2025.05.20"]
[Round "7"]
[White "Tahbaz, Arash"]
[Black "Rosen, Eric"]
[Result "1/2-1/2"]
[WhiteTitle "IM"]
[BlackTitle "IM"]
[WhiteElo "2462"]
[BlackElo "2377"]
[WhiteFideId "12528846"]
[BlackFideId "2032562"]
[EventDate "2025.05.20"]

1. Nf3 d5 2. g3 Nf6 3. Bg2 e6 4. O-O Be7 5. d3 b6 6. e4 dxe4 7. dxe4 Qxd1 8.
Rxd1 Bb7 9. e5 Nfd7 10. Nc3 Nc6 11. Bf4 O-O-O 12. h4 h6 13. Rd2 Nc5 14. Rad1
Rxd2 15. Rxd2 Rd8 16. Rxd8+ Nxd8 17. Nd4 Bxg2 18. Kxg2 h5 19. Be3 Kd7 20. f4 g6
21. Kf3 a6 22. a4 Ncb7 23. Ne4 Nc6 24. Nxc6 Kxc6 25. Ke2 Nd8 26. Kd3 Kd7 27. c4
Nc6 28. Bd2 Bd8 29. b4 Be7 30. b5 axb5 31. cxb5 Nd8 32. Kc4 Nb7 33. Be3 Na5+ 34.
Kc3 Nb7 35. Bd4 Na5 36. Nd2 Nb7 37. Nb3 Bd8 38. Kc4 Be7 39. Be3 Ba3 40. Bd2 Bf8
41. a5 bxa5 42. Bxa5 Be7 43. Bc3 Bd8 44. Nd4 Be7 45. Nc6 Bf8 46. Bd4 Ba3 47.
Nb8+ Kc8 48. Nc6 Kd7 49. Be3 Bf8 50. Bd2 Ba3 51. Bb4 Bc1 52. Kd3 Kc8 53. Nd4 Bb2
54. Ne2 Kd7 55. Kc2 Ba1 56. Kb1 c5 57. bxc6+ Kxc6 58. Kxa1 Kd5 59. Be1 Ke4 60.
Nc3+ Kd3 61. Nb5 Ke2 62. Nd6 Nd8 63. Ba5 Nc6 64. Bb6 Kf3 65. Nxf7 Kxg3 66. Ng5
Kxf4 67. Nxe6+ Kxe5 68. Nf8 Kf5 69. Bc5 g5 70. hxg5 Kxg5 71. Ne6+ Kf5 72. Ng7+
Kg5 73. Ne6+ Kf5 74. Ng7+ Kg6 75. Ne8 h4 76. Bd6 h3 77. Kb2 Kf5 78. Kc3 Ne5 79.
Ng7+ Kf6 80. Nh5+ Ke6 81. Nf4+ Kxd6 82. Nxh3 1/2-1/2

[Event "Titled Tue 20th May Early"]
[Site "chess.com INT"]
[Date "2025.05.20"]
[Round "7"]
[White "Rahman, Masruri"]
[Black "Klukin, Kirill"]
[Result "1-0"]
[WhiteTitle "FM"]
[BlackTitle "IM"]
[WhiteElo "2407"]
[BlackElo "2407"]
[WhiteFideId "7101163"]
[BlackFideId "24199273"]
[EventDate "2025.05.20"]

1. d4 e6 2. Bf4 f5 3. e3 Nf6 4. Nd2 b6 5. Ngf3 Bb7 6. Be2 Be7 7. h3 O-O 8. O-O
Ne4 9. a4 a6 10. Nxe4 fxe4 11. Nd2 Bf6 12. Bg3 d6 13. Bc4 Qe7 14. Qg4 d5 15. Bb3
c5 16. c3 Kh8 17. f3 exf3 18. Nxf3 Nd7 19. Bc2 g6 20. h4 e5 21. Rae1 Rae8 22. h5
e4 23. Nh4 g5 24. Nf5 Qe6 25. Bd1 Bc6 26. Nd6 Qxg4 27. Bxg4 Re7 28. Nf5 Ree8 29.
Bd6 Bxa4 30. Bxf8 Rxf8 31. Nd6 Be7 32. Nf7+ Kg7 33. h6+ Kg8 34. Be6 Nf6 35.
Nxg5+ Kh8 36. Nf7+ Kg8 37. Ne5+ Kh8 38. Rf5 Be8 39. Ref1 cxd4 40. exd4 a5 41. g4
Bb5 42. R1f2 e3 43. R2f3 e2 44. Re3 Ne4 45. Nf7+ Kg8 46. Nd6+ Kh8 47. Rxf8+ Bxf8
48. Nxb5 Bxh6 49. Rxe2 Ng5 50. Bxd5 Nh3+ 51. Kh2 Nf4 52. Re8+ Kg7 53. Re7+ Kf6
54. Rf7+ Kg6 55. Bc4 Kg5 56. Nd6 Ng6 57. Ne4+ Kh4 58. Rf3 Bf4+ 59. Kg2 Kxg4 60.
Be6+ Kh5 61. Rh3+ Nh4+ 62. Kf2 h6 63. Bd7 Bg5 64. Ng3+ Kg6 65. Ne4 Be7 66. Bc8
Kf7 67. Rg3 Ng6 68. Rxg6 Kxg6 69. Kf3 Bh4 70. Kg4 Be7 71. d5 h5+ 72. Kf4 Kf7 73.
d6 Bd8 74. Bf5 h4 75. Ke5 b5 76. Kd5 b4 77. cxb4 axb4 78. b3 Bb6 79. Kc6 Bd8 80.
Kd7 Bb6 81. Kc8 h3 82. Bxh3 1-0

[Event "Titled Tue 20th May Early"]
[Site "chess.com INT"]
[Date "2025.05.20"]
[Round "7"]
[White "Zhauynbay, Alimzhan"]
[Black "Naranjo Moreno, Antonio"]
[Result "0-1"]
[WhiteTitle "CM"]
[BlackTitle "FM"]
[WhiteElo "2077"]
[BlackElo "2289"]
[WhiteFideId "13782657"]
[BlackFideId "2278626"]
[EventDate "2025.05.20"]

1. Nf3 Nf6 2. b3 g6 3. Bb2 Bg7 4. e3 O-O 5. Be2 d6 6. c4 c5 7. d4 cxd4 8. exd4
Ne4 9. O-O Nc6 10. Nc3 Nxc3 11. Bxc3 Bf5 12. Re1 e5 13. Bd3 exd4 14. Bb2 Bxd3
15. Qxd3 Ne5 16. Qe4 Nxf3+ 17. Qxf3 Qd7 18. Qd3 d5 19. c5 Qg4 20. h3 Qf4 21.
Rad1 Rfe8 22. Rf1 Re4 23. Qb5 Qc7 24. g3 a6 25. Qb4 Rae8 26. Bxd4 h5 27. Qc3
Bxd4 28. Rxd4 h4 29. Rxd5 hxg3 30. Qxg3 Qc6 31. Rg5 Re1 32. Qg2 Qxg2+ 33. Kxg2
Rxf1 34. Kxf1 Rc8 35. Rd5 Kg7 36. Ke2 Kf6 37. Kd3 Ke6 38. Kc4 Rh8 39. Rd6+ Ke7
40. Rd3 Rh4+ 41. Kd5 Rh5+ 42. Kc4 Rf5 43. f3 Rf4+ 44. Kd5 Rh4 45. Re3+ Kd7 46.
Ke5 Ke7 47. Kd5+ Kd7 48. a3 Rxh3 49. Ke5 Ke7 50. Kd4+ Kd7 51. Kc4 Rh5 52. Kb4
Rf5 53. Rd3+ Kc7 54. Re3 g5 55. Re7+ Kc6 56. Re3 Rxc5 57. Re4 Rf5 58. Rc4+ Kd6
59. Rd4+ Kc7 60. Rc4+ Kb6 61. Rc3 Rf4+ 62. Rc4 Rxc4+ 63. Kxc4 Kc6 64. Kd4 Kd6
65. Ke4 Ke6 66. a4 f5+ 67. Kd4 Kd6 68. a5 g4 69. fxg4 fxg4 70. Ke3 Kc5 71. Kf4
Kb4 72. Kxg4 Kxa5 73. Kf5 Kb4 74. Ke4 Kxb3 75. Kd5 a5 76. Kc5 a4 77. Kb5 a3 78.
Kb6 a2 79. Kxb7 a1=Q 80. Kb6 Qe5 81. Kb7 Qd6 82. Ka8 Qd7 83. Kb8 Kb4 84. Ka8 Kb5
85. Kb8 Kb6 86. Ka8 Qc8# 0-1

[Event "Titled Tue 20th May Early"]
[Site "chess.com INT"]
[Date "2025.05.20"]
[Round "7"]
[White "Piliposyan, Robert"]
[Black "Pranesh, M"]
[Result "1-0"]
[WhiteTitle "IM"]
[BlackTitle "GM"]
[WhiteElo "2416"]
[BlackElo "2576"]
[WhiteFideId "13309978"]
[BlackFideId "35028600"]
[EventDate "2025.05.20"]

1. Nc3 Nc6 2. d4 d5 3. Bf4 Bf5 4. e3 e6 5. Nf3 Bd6 6. Bb5 Ne7 7. Ne5 O-O 8. Bxc6
bxc6 9. h4 f6 10. Nd3 Bxd3 11. Bxd6 cxd6 12. Qxd3 e5 13. O-O-O Qa5 14. a3 Rab8
15. e4 exd4 16. Qxd4 c5 17. Qd3 d4 18. Qc4+ Kh8 19. Nd5 Nc6 20. f4 Rb7 21. a4
Rfb8 22. b3 Nb4 23. Rh3 Na2+ 24. Kb2 Nb4 25. Kc1 Nxd5 26. Qxd5 Qb4 27. g4 Rc7
28. Qxd6 Rcc8 29. g5 Rd8 30. Qe6 Re8 31. Qf7 Qa3+ 32. Kb1 Rf8 33. Qd5 Rfd8 34.
Qe6 Re8 35. Qc4 f5 36. exf5 Rf8 37. f6 gxf6 38. gxf6 Rxf6 39. Rg3 Qb4 40. Qd5
Rbf8 41. Rdg1 Qb8 42. Qxc5 Qxf4 43. Qxa7 R6f7 44. Qc5 Qe4 45. Qg5 Qe8 46. Qd2
Qe5 47. Rg5 Qe4 48. R5g4 Qe5 49. Qxd4 Qxd4 50. Rxd4 Rf2 51. Rc4 h6 52. Kb2 Re2
53. a5 Ra8 54. Ra1 Re5 55. a6 Kg7 56. a7 Re7 57. Rca4 Kf6 58. b4 Ke5 59. Kb3 Kd5
60. Ra5+ Kc6 61. Ra6+ Kb7 62. b5 Re5 63. c4 Re4 64. Rxh6 Re7 65. Kb4 Rf7 66.
Rha6 Rh7 67. Rf6 Rg7 68. h5 Rh7 69. h6 Kc7 70. Raa6 Kb7 71. Rg6 Rc8 72. Rg7+
Rxg7 73. hxg7 Ka8 74. Rf6 Kb7 75. Rf7+ Kb6 76. c5+ Rxc5 77. Rf6+ Rc6 78. Rxc6+
Kb7 79. a8=Q+ Kxa8 80. Rc7 Kb8 81. b6 Ka8 82. Kb5 Kb8 83. Kc6 Ka8 84. g8=Q# 1-0

[Event "Titled Tue 20th May Early"]
[Site "chess.com INT"]
[Date "2025.05.20"]
[Round "7"]
[White "Le, Minh Tu"]
[Black "Swara Lakshmi S Nair"]
[Result "0-1"]
[WhiteTitle "FM"]
[BlackTitle "WCM"]
[WhiteElo "1932"]
[BlackElo "2178"]
[WhiteFideId "12404888"]
[BlackFideId "25629239"]
[EventDate "2025.05.20"]

1. d4 Nf6 2. Bf4 g6 3. e3 Bg7 4. Nf3 O-O 5. h3 d6 6. Bc4 c5 7. c3 Nbd7 8. O-O
Re8 9. Nbd2 cxd4 10. exd4 e5 11. dxe5 dxe5 12. Bh2 Nb6 13. Nxe5 Be6 14. Bxe6
Rxe6 15. Ndf3 Nfd5 16. Re1 Qe7 17. Nd3 Rd8 18. Rxe6 Qxe6 19. Nf4 Qc8 20. Nxd5
Rxd5 21. Qe2 Nc4 22. Re1 Rd8 23. Bf4 h6 24. b3 Nb6 25. c4 Nd7 26. Rd1 Re8 27.
Qd2 Nc5 28. Qd5 Ne6 29. Bd6 Rd8 30. c5 Nxc5 31. Rc1 Qd7 32. Rxc5 Qxd6 33. Qxd6
Rxd6 34. Rc8+ Bf8 35. g3 Kg7 36. Rc7 Rb6 37. Ne5 Bd6 38. Rxf7+ Kg8 39. Rd7 Bxe5
40. f4 Bd6 41. Kf2 Ra6 42. Kf3 Bf8 43. a4 Rb6 44. Rd3 Rb4 45. g4 Kf7 46. h4 Ke6
47. Re3+ Kf6 48. Rd3 b6 49. g5+ hxg5 50. hxg5+ Kf7 51. Kg4 a5 52. Rd7+ Be7 53.
Rd3 Ke6 54. Re3+ Kf7 55. Rd3 Ke8 56. Kf3 Kf7 57. Kg3 Re4 58. Kf3 Re1 59. Rc3 Bc5
60. Rd3 Ke6 61. Kg4 Rg1+ 62. Kf3 Rf1+ 63. Kg4 Rf2 64. Rd1 Rb2 65. Re1+ Kf7 66.
f5 Rxb3 67. fxg6+ Kxg6 68. Re6+ Kf7 69. Rf6+ Kg7 70. Rc6 Rb4+ 71. Kf5 Rxa4 72.
Rc7+ Kg8 73. Kg6 Ra1 74. Kf6 Rf1+ 75. Ke6 a4 76. g6 a3 77. Ra7 Rf2 78. Ke5 a2
79. Ke6 Bd4 80. Ra8+ Kg7 0-1

[Event "Titled Tue 20th May Early"]
[Site "chess.com INT"]
[Date "2025.05.20"]
[Round "7"]
[White "Fishman, Albert"]
[Black "Tursunalieva, Nurelina"]
[Result "0-1"]
[BlackTitle "WCM"]
[WhiteElo "2149"]
[BlackElo "1810"]
[WhiteFideId "2090597"]
[BlackFideId "13817329"]
[EventDate "2025.05.20"]

1. e4 c5 2. Nf3 d6 3. Bb5+ Bd7 4. Bxd7+ Nxd7 5. O-O Ngf6 6. Re1 e6 7. c3 Be7 8.
d4 cxd4 9. cxd4 O-O 10. e5 Nd5 11. Nc3 N7b6 12. Ne4 dxe5 13. dxe5 Qc7 14. Bg5
Bb4 15. Rc1 Qd7 16. Bd2 Rad8 17. Bxb4 Nxb4 18. Qb3 Nd3 19. Rcd1 Qd5 20. Re3 Qxb3
21. axb3 Nb4 22. Rd6 N6d5 23. Re1 Rc8 24. Nd4 Nd3 25. Rd1 Nxe5 26. Nb5 Rc6 27.
Nxa7 Rc2 28. Nb5 Rxb2 29. Nd4 Rc8 30. h3 h6 31. f4 Nc6 32. Nxc6 bxc6 33. f5 Ne3
34. R1d2 Rxd2 35. Rxd2 Nxf5 36. g4 Ne7 37. Rd7 Nd5 38. Nd6 Rb8 39. Nxf7 Rxb3 40.
Kh2 Rb2+ 41. Kg3 Rb3+ 42. Kh2 Nf4 43. Nd8 Rxh3+ 44. Kg1 c5 45. Rc7 Rc3 46. Rc8
Kh7 47. Rc6 c4 48. Nf7 Rg3+ 49. Kf2 Rxg4 50. Kf3 Rh4 51. Rxc4 g5 52. Rc7 Kg6 53.
Nh8+ Kf6 54. Rf7+ Ke5 55. Ke3 Rh3+ 56. Kd2 Rd3+ 57. Kc2 Rd4 58. Kc3 Rd3+ 59. Kc2
Rd5 60. Kc3 Rc5+ 61. Kb4 Rd5 62. Kc4 Rd4+ 63. Kc3 Ke4 64. Ng6 Nxg6 65. Rf6 Ne5
66. Rxe6 Rc4+ 67. Kb3 h5 68. Rh6 h4 69. Rh5 Kf4 70. Rh8 h3 71. Rf8+ Kg4 72. Re8
Re4 73. Rh8 Kg3 74. Kc3 g4 75. Kd2 h2 76. Kd1 Kg2 77. Rg8 h1=Q+ 78. Kd2 Qe1+ 79.
Kc2 Rc4+ 80. Kb3 Qc3+ 81. Ka2 Ra4+ 82. Kb1 Ra1# 0-1